000 00642nam a2200193 i 4500
001 128059
003 ES-MaACL
005 20250809030824.0
007 t|
008 070214s1909 fr r ||||1| fre d
100 1 _aRipert, Georges.
_997419
245 1 3 _aLa responsabilité du propriétaire de navire /
_cpar Georges Ripert.
260 _aParis :
_bArthur Rousseau,
_c1909.
300 _a65 p. ;
_c25 cm.
500 _aEn port.: (Extrait des Annales de Droit commercial, étranger et international, 1908, nº 6 et 1909, nº 1)
650 0 7 _aDerecho marítimo
_2embne
_911730
852 _aES-MaACL
_j1539-F-8
999 _c128059
_d128059